000
00292nam a2200121Ia 4500
008
190216s9999||||xx |||||||||||||| ||und||
100
_a
Ummer
245
0
_a
Yathravivaranam-Ittaliya Yathravivaranam
260
_b
Dc Books Kottayam
300
_a
120
650
_a
Yathravivaranam
942
_c
BK
999
_c
27736
_d
27736